Vista normal
Vista MARC
- Confesión
Entrada Topical Term
Número de registros utilizados en: 1
001 - CONTROL NUMBER
- control field: 55654
003 - CONTROL NUMBER IDENTIFIER
- control field: IT-RoINE
005 - DATE AND TIME OF LATEST TRANSACTION
- control field: 20200401094203.0
008 - FIXED-LENGTH DATA ELEMENTS
- fixed length control field: 181219|| aca||aabn | a|a d
040 ## - CATALOGING SOURCE
- Original cataloging agency: IT-RoINE
- Transcribing agency: IT-RoINE
150 ## - HEADING--TOPICAL TERM
- Topical term or geographic name as entry element: Confesión
- Geographic subdivision: Italia
- Geographic subdivision: Milán (Diócesis)
- Chronological subdivision: Siglos 16o.-17o.
670 ## - SOURCE DATA FOUND
- Source citation: Work cat.: (IT-RoINE)0: Boer, Wietse de, 1957- 55652, La conquista dell'anima :, 2004.